Albanian Kategoria Superiore Football Badges - Statistics

General Stats
  • This quiz has been taken 39 times
  • The average score is 8 of 10
Answer Stats
Picture Answer % Correct
KF Tirana
97%
FK Partizani Tirana
94%
FC Dinamo City
90%
KF Egnatia Rrogozhinë
90%
KF Teuta
81%
KF Vllaznia
77%
AF Elbasani
65%
Flamurtari FC
65%
Vora FK
65%
KF Bylis
61%
No matching quizzes found
Score Distribution
Percent of People with Each Score
Percentile by Number Answered
Your Score History
You have not taken this quiz